[Event "Bremen-ch op"]
[Site "Bremen"]
[Date "2014.04.19"]
[Round "9"]
[White "Kimmich, Daniel"]
[Black "Issing, Peter"]
[Result "1/2-1/2"]
[WhiteElo "1963"]
[BlackElo "2172"]
[PlyCount "45"]
[EventDate "2014.04.14"]
[EventType "swiss"]
[EventRounds "9"]
[EventCountry "GER"]
[SourceTitle "EXT 2018"]
[Source "ChessBase"]
[SourceDate "2017.10.13"]
[SourceVersion "1"]
[SourceVersionDate "2017.10.13"]
[SourceQuality "1"]

1. Nf3 Nf6 2. g3 d5 3. c4 dxc4 4. Na3 e5 5. Nxe5 Bxa3 6. Qa4+ b5 7. Qxa3 Bb7 8. Nf3 Qe7 9. Qxe7+ Kxe7 10. Bg2 Nbd7 11. 0-0 Rhe8 12. a4 bxa4 13. Rxa4 Nb6 14. Ra5 Kf8 15. Re1 Red8 16. b3 cxb3 17. Ba3+ Kg8 18. Rc1 Rd5 19. Rxd5 Bxd5 20. d3 a5 21. e4 Be6 22. Nd4 Rd8 23. Nxe6 1/2-1/2

[Event "Niedersachsen-ch op-B"]
[Site "Verden"]
[Date "2012.01.05"]
[Round "7"]
[White "Dorn, Carina"]
[Black "Kimmich, Daniel"]
[Result "0-1"]
[WhiteElo "1912"]
[BlackElo "1940"]
[PlyCount "70"]
[EventDate "2012.01.02"]
[EventType "swiss"]
[EventRounds "7"]
[EventCountry "GER"]
[SourceTitle "EXT 2021"]
[Source "ChessBase"]
[SourceDate "2020.10.23"]
[SourceVersion "1"]
[SourceVersionDate "2020.10.23"]
[SourceQuality "1"]

1. d4 d5 2. c4 c6 3. Nf3 Nf6 4. Nc3 e6 5. e3 Be7 6. Qc2 Nbd7 7. Bd3 dxc4 8. Bxc4 b5 9. Bd3 Bb7 10. 0-0 a6 11. e4 c5 12. e5 Ng4 13. Be4 Qb6 14. Be3 Nxe3 15. fxe3 cxd4 16. exd4 Rc8 17. Qf2 0-0 18. Rac1 Rxc3 19. Bxh7+ Kxh7 20. Rxc3 b4 21. Qc2+ g6 22. Rc7 Qb5 23. Qc1 Qd5 24. b3 Bd8 25. Rc4 a5 26. Rd1 Kg7 27. Qc2 Bb6 28. Kh1 Rh8 29. Rd2 Rh5 30. Rf2 Rf5 31. Qd2 Qe4 32. Re2 Rxf3 33. gxf3 Qxf3+ 34. Kg1 Qh1+ 35. Kf2 Qg2+ 0-1

[Event "Niedersachsen-ch op-B"]
[Site "Verden"]
[Date "2012.01.03"]
[Round "4"]
[White "Kimmich, Daniel"]
[Black "Krneta, Slavko"]
[Result "1-0"]
[WhiteElo "1940"]
[BlackElo "1882"]
[PlyCount "45"]
[EventDate "2012.01.02"]
[EventType "swiss"]
[EventRounds "7"]
[EventCountry "GER"]
[SourceTitle "EXT 2021"]
[Source "ChessBase"]
[SourceDate "2020.10.23"]
[SourceVersion "1"]
[SourceVersionDate "2020.10.23"]
[SourceQuality "1"]

1. e4 e6 2. d4 d5 3. Nc3 Nf6 4. e5 Nfd7 5. Nce2 c5 6. c3 Nc6 7. a3 Be7 8. f4 0-0 9. Nf3 cxd4 10. cxd4 f6 11. h4 Nb6 12. Rh3 Bd7 13. Ng3 a5 14. b3 a4 15. b4 Rc8 16. Bd3 Na7 17. Bxh7+ Kxh7 18. Ng5+ fxg5 19. hxg5+ Kg8 20. Qh5 Rxc1+ 21. Rxc1 Rxf4 22. Qh8+ Kf7 23. g6+ 1-0

[Event "Bad Zwischenahn op 1st"]
[Site "Bad Zwischenahn"]
[Date "2004.??.??"]
[Round "9"]
[White "Kimmich, Daniel"]
[Black "Billen, Hans Juergen"]
[Result "1-0"]
[WhiteElo "1817"]
[BlackElo "1502"]
[PlyCount "57"]
[EventDate "2004.07.30"]
[EventType "swiss"]
[EventRounds "9"]
[EventCountry "GER"]
[SourceTitle "EXT 2006"]
[Source "ChessBase"]
[SourceDate "2005.11.24"]
[SourceVersion "1"]
[SourceVersionDate "2005.11.24"]
[SourceQuality "1"]

1. e4 e6 2. d4 d5 3. Nc3 Nf6 4. e5 Nfd7 5. Nce2 c5 6. c3 Nc6 7. f4 Qb6 8. Nf3 cxd4 9. cxd4 Bb4+ 10. Kf2 f5 11. g3 Be7 12. h4 h5 13. Ng5 Bxg5 14. hxg5 g6 15. b3 Qb4 16. Be3 b6 17. Ng1 Bb7 18. Be2 Kf7 19. a3 Qf8 20. Nf3 Rh7 21. Nh4 Qh8 22. Rc1 Rc8 23. b4 Ne7 24. Qa4 Qd8 25. Bb5 Nb8 26. Qxa7 Rxc1 27. Rxc1 Bc6 28. Bxc6 Nbxc6 29. Rxc6 1-0